000
00209nam a22000857a 4500
008
170215b xxu||||| |||| 00| 0 eng d
100
_9
2877
_a
NCERT
245
_a
Political Theory-XI
260
_a
New Delhi
_b
NCERT
_c
2010
999
_c
6102
_d
6102